Las vacaciones de Franz /

Guardado en:
Autor Principal: Nöstlinger, Christine.
Otros Autores: Arteaga, Rafael; trad.
Formato: Libro
Idioma:Undetermined
Publicado: Barcelona : Norma, 2003.
Series:Colección Torre de papel
Materias:
Etiquetas: Agregar Etiqueta
Sin Etiquetas, Sea el primero en etiquetar este registro!
LEADER 00648nam a22002055a 4500
001 CEM.cems019814
008 221026s2003####sp############000#0#und#d
005 20221027091009.0
245 1 0 |a Las vacaciones de Franz /  |c Christine Nöstlinger; traductor Rafael Arteaga. 
260 |a Barcelona :  |b Norma,  |c 2003. 
300 |a 50 p. ;  |c 20 cm. 
490 1 |a Colección Torre de papel 
020 |a 9580419310 
100 1 |a Nöstlinger, Christine. 
700 1 |a Arteaga, Rafael; trad. 
082 0 4 |a 839 
653 |a Literatura Infantil 
653 |a Literatura Juvenil 
653 |a Novelas 
859 |a CEMS  |b BIB. CEMS - Inicial y Primaria  |h 839  |i N842-10  |k IP  |p 2932  |t Ej.1